000 00868nam a22002417a 4500
001 3433
003 FISKH
005 20240305113555.0
008 240305b cb ||||| |||| 00| 0 eng d
040 _aFISK
_beng
_cFISK
_dFISK
050 _aPZ7.H67445
082 _a813.6
100 _aHoffman Alice
_d1952-
245 _aNightbird /
_cAlice Hoffman
260 _aNew York :
_bScholastic,
_c2016
300 _a199 pages :
_c20 cm
505 _aO
520 _aTwig, aged twelve, is practically ignored by classmates and other residents of Sidwell, Massachusetts, but gets along fine with just her mother and brother, whose presence must be kept secret, until descendants of the witch who cursed her family move in next door and want to be her friends.
521 8 _a840
_bLexiles
700 _aAlice Hoffman
942 _2ddc
_cBK
_n0
999 _c3433
_d3433